|
|
|
|
| LEADER |
00000nas a2200000 a 4500 |
| 001 |
ssj0005011 |
| 003 |
WaSeSS |
| 005 |
20200512172242.0 |
| 006 |
m d |
| 007 |
cr n |
| 008 |
971110c19899999enkqx pss 0 a0eng c |
| 010 |
|
|
|a 00238449
|
| 015 |
|
|
|a GBA603019
|2 bnb
|
| 016 |
7 |
|
|a 1501040-5
|2 DE-600
|
| 016 |
7 |
|
|a 013352258
|2 Uk
|
| 022 |
|
|
|a 1360-0494
|l 0954-0091
|y 0954-0091
|
| 035 |
|
|
|a (WaSeSS)ssj0005011
|
| 037 |
|
|
|b Carfax International Publishers, PO Box 25, Abingdon, Oxfordshire, OX14 3UE, UK
|
| 040 |
|
|
|a F#A
|b eng
|e pn
|c F#A
|d OCL
|d IUL
|d OCLCQ
|d CGU
|d MUQ
|d OHI
|d OCLCQ
|d UKMGB
|d OCLCQ
|d OCLCF
|d OCLCQ
|d OCLCO
|d OCLCQ
|d WT2
|d NLE
|d DLC
|d AU@
|d SFB
|d CUS
|d OCLCQ
|d WaSeSS
|
| 042 |
|
|
|a pcc
|
| 050 |
0 |
0 |
|a QA76.87
|
| 050 |
|
4 |
|a QA76.87
|
| 060 |
0 |
0 |
|a W1
|b CO727J
|
| 082 |
0 |
4 |
|a 006.3
|
| 222 |
|
0 |
|a Connection science
|b (Online)
|
| 245 |
0 |
0 |
|a Connection science
|h [electronic resource].
|
| 260 |
|
|
|a [Abingdon, Oxfordshire] :
|b Carfax International Publishers
|
| 310 |
|
|
|a Four issues yearly
|
| 362 |
1 |
|
|a Print began with vol. 1, no. 1, published in 1989.
|
| 506 |
|
|
|a License restrictions may limit access.
|
| 538 |
|
|
|a Mode of access: World Wide Web.
|
| 588 |
0 |
|
|a Vol. 8, no. 3 [i.e. 3 & 4] (1996); title from journal information screen (viewed Nov. 9, 1997).
|
| 588 |
1 |
|
|a Vol. 12, no. 1 (Mar. 2000).
|
| 650 |
|
0 |
|a Neural computers
|v Periodicals.
|
| 650 |
|
0 |
|a Artificial intelligence
|v Periodicals.
|
| 650 |
|
0 |
|a Cognitive science
|v Periodicals.
|
| 650 |
|
0 |
|a Connectionism
|v Periodicals.
|
| 650 |
|
6 |
|a Ordinateurs neuronaux
|v Périodiques.
|
| 650 |
|
6 |
|a Intelligence artificielle
|v Périodiques.
|
| 650 |
|
6 |
|a Sciences cognitives
|v Périodiques.
|
| 650 |
|
6 |
|a Connexionnisme
|v Périodiques.
|
| 650 |
|
7 |
|a Artificial intelligence.
|2 fast
|0 (OCoLC)fst00817247
|
| 650 |
|
7 |
|a Cognitive science.
|2 fast
|0 (OCoLC)fst00866547
|
| 650 |
|
7 |
|a Connectionism.
|2 fast
|0 (OCoLC)fst00875336
|
| 650 |
|
7 |
|a Neural computers.
|2 fast
|0 (OCoLC)fst01036251
|
| 655 |
|
0 |
|a Electronic journals.
|
| 776 |
0 |
8 |
|i Print version:
|t Connection science
|x 0954-0091
|w (DLC)sn 90031303
|w (OCoLC)20640930
|
| 850 |
|
|
|a DLC
|
| 856 |
4 |
0 |
|z Full text available from Research Library: 09/01/1997 to 06/30/2000
|u https://search.proquest.com/publication/32754
|